000 00501nam a2200157 i 4500
001 83556
003 ES-MaACL
005 20230906174842.0
007 t|
008 041117s1958 sp ||||1| spa d
100 1 _aIs-Orval.
_965508
245 1 3 _aEl misterio de la vida jesuítica
_b: esbozos biográficos de una vanguardia a través de sus soldados casi anónimos /
_cIs-Orval, seud.
260 _aPamplona :
_bGómez,
_c1958.
300 _a402 p. ;
_c19 cm.
852 _aES-MaACL
_jC-13893
_bR.41978
999 _c83556
_d83556